000 00878nam a22002537a 4500
003 OSt
005 20210325123502.0
008 100322s2017 pr 000 0 spa d
020 _a9789945581973
040 _aDO-SdBNP
_bspa
_cBNPHU
082 4 _aPR863.5
_bR696r
_222
100 1 _aRodríguez, Luis Antonio ,
_937920
_d1970-
245 1 0 _aRush hour y otros relatos para leer en tren /
_cLuis Antonio Rodríguez
260 _aSan Juan, Puerto Rico :
_bIsla Negra,
_c2017.
300 _a67 p. :
_c23 cm.
490 1 _aEl rostro y la máscara ;
500 _aIncluye datos biográficos del autor en la solapa de la cubierta
590 _aInventariado, 2021/ YL
650 4 _aCuentos puertorriqueños
_9250
650 4 _aLiteratura puertorriqueña
_9249
830 0 _aEl rostro y la máscara
_9251
910 _aYL, 2021/Validado. Control de calidad MFF
942 _2ddc
_cLBS1
999 _c49687
_d49687